Organizacje według państw #2 - Statystyki

Ogólne statystyki
  • Ten quiz został rozwiązany 14 razy
  • Średni wynik to 6 z 10
Odpowiedzi na mapie
Odpowiedzi zakodowano w zielono-czerwonej skali na mapie do tego quizu, zgodnie z poniższymi procentami.
 
Statystyki odpowiedzi
Podpowiedź Państwo % Poprawnych
W 2025 roku zmienia alfabet z cyrylicy na łaciński Kazachstan
100%
W tym państwie żyje około 200 tyś. Polaków Rosja
92%
Jako pierwsze przyjęło chrześcijanstwo Armenia
67%
Jest podwójnie śródlądowym państwem w Azji Uzbekistan
67%
Na terenie tego państwa uprawia się m.in. bawełnę, tytoń i pszenicę Kirgistan
58%
Około 6% powierzchni tego państwa zajmują górskie lodowce Tadżykistan
58%
Jego nieoficjalna nazwa to "Ziemia Ognia" Azerbejdżan
50%
Wino jest tam uznawane za produkt rolniczy Mołdawia
42%
Ulubionym niealkoholowym napojem mieszkańców tego państwa jest sok brzozowy pozyskiwany na wiosnę z Brzozy Białoruś
33%
Organizacja WNP
8%
Nie znaleziono quizów pasujących do podanych kryteriów
Rozkład punktacji
Procent ludzi z każdym wynikiem
Percentyl według liczby udzielonych odpowiedzi
Twoja historia wyników
Nie rozwiązałeś tego quizu